Islands by Clue - Statistics

General Stats
  • This quiz has been taken 355 times
  • The average score is 17 of 22
Answer Stats
Hint Answer % Correct
Largest in the World Greenland
98%
The Republic of China Taiwan
90%
Largest Island in Europe Great Britain
89%
Home to the Moai Statues Easter Island
88%
Formerly Ceylon Sri Lanka
87%
Prison in San Francisco Bay Alcatraz Island
86%
Home to three countries Borneo
86%
Napoleon was born here Corsica
85%
Split in two by a UN buffer zone Cyprus
84%
Goes along with Sao Tome Principe
84%
It's a City-State Singapore
82%
Home to the city of Christchurch South Island
81%
The Dodo bird lived here Mauritius
78%
Most populous in the Hawaiian Archipelego Oahu
78%
Formerly home to a "colossus" Rhodes
78%
Means "Rich Port" in Spanish Puerto Rico
72%
The "A" in the ABC Islands Aruba
70%
It's also a Canadian Province Prince Edward Island
62%
Copenhagen is located here Zealand
61%
This island was nuked along with Honshu Kyushu
53%
"Land of Fire" Tierra del Fuego
43%
Largest of two Massachusetts resort islands Martha's Vineyard
29%
No matching quizzes found
Score Distribution
Percent of People with Each Score
Percentile by Number Answered
Your Score History
You have not taken this quiz